Medaliści IMP na żużlu w latach 2001-2020 - Statystyki

Ogólne statystyki
  • Ten quiz został rozwiązany 97 razy
  • Średni wynik to 29 z 60
Statystyki odpowiedzi
Rok Miasto Złoto % Poprawnych
2001 Bydgoszcz Tomasz Gollob
82%
2020 Leszno Maciej Janowski
74%
Bartosz Zmarzlik
73%
Szymon Woźniak
65%
Bartosz Zmarzlik
64%
Bartosz Zmarzlik
64%
2015 Gorzów Wlkp. Maciej Janowski
64%
Maciej Janowski
64%
Maciej Janowski
64%
2016 Leszno Patryk Dudek
64%
Patryk Dudek
64%
2002 Toruń Tomasz Gollob
64%
2019 Leszno Janusz Kołodziej
62%
Maciej Janowski
62%
Piotr Pawlicki
62%
2018 Leszno Piotr Pawlicki
62%
2017 Gorzów Wlkp. Szymon Woźniak
61%
2013 Tarnów Janusz Kołodziej
58%
Janusz Kołodziej
58%
2014 Zielona Góra Krzysztof Kasprzak
56%
2005 Tarnów Janusz Kołodziej
55%
2009 Toruń Tomasz Gollob
55%
2008 Leszno Adam Skórnicki
53%
Janusz Kołodziej
53%
Piotr Pawlicki
53%
2006 Tarnów Tomasz Gollob
53%
2010 Zielona Góra Janusz Kołodziej
52%
2011 Leszno Jarosław Hampel
52%
Tomasz Gollob
50%
2012 Zielona Góra Tomasz Jędrzejak
50%
Janusz Kołodziej
48%
Krzysztof Kasprzak
48%
Piotr Protasiewicz
48%
Tomasz Gollob
48%
Jarosław Hampel
45%
Tomasz Gollob
44%
Wiesław Jaguś
44%
2004 Częstochowa Grzegorz Walasek
41%
2003 Bydgoszcz Rune Holta
41%
Jacek Gollob
39%
Krzysztof Kasprzak
39%
Przemysław Pawlicki
38%
Damian Baliński
36%
Grzegorz Walasek
36%
Maciej Janowski
36%
Sebastian Ułamek
36%
Rune Holta
35%
Przemysław Pawlicki
33%
Jarosław Hampel
32%
2007 Wrocław Rune Holta
32%
Krzysztof Buczkowski
29%
Tomasz Gapiński
29%
Krzysztof Kasprzak
27%
Rafał Okoniewski
27%
Krzyżaniak, Świst
26%
Krzysztof Cegielski
24%
Rafał Dobrucki
23%
Robert Sawina
23%
Tomasz Jędrzejak
23%
Sebastian Ułamek
20%
Nie znaleziono quizów pasujących do podanych kryteriów
Rozkład punktacji
Procent ludzi z każdym wynikiem
Percentyl według liczby udzielonych odpowiedzi
Twoja historia wyników
Nie rozwiązałeś tego quizu